Top 50 Countries by Smallest Area - In Order - Statistics

General Stats
  • This quiz has been taken 381 times
  • The average score is 26 of 50
Answer Stats
Hint Answer % Correct
V Vatican City
100%
M Monaco
97%
N Nauru
94%
S San Marino
93%
T Tuvalu
93%
L Liechtenstein
92%
M Marshall Islands
76%
G Grenada
73%
A Antigua and Barbuda
72%
B Barbados
72%
S St. Kitts and Nevis
72%
P Palau
67%
S St Vincent and the Grenadines
67%
A Andorra
64%
K Kiribati
62%
M Malta
62%
S St. Lucia
62%
T Tonga
62%
M Maldives
60%
Q Qatar
59%
S Seychelles
59%
L Luxembourg
58%
D Dominica
57%
V Vanuatu
55%
F Federated States of Micronesia
54%
B Bahrain
51%
C Comoros
50%
E/T East Timor
47%
S Singapore
46%
S Samoa
44%
F Fiji
43%
M Mauritius
43%
J Jamaica
42%
B Brunei
40%
S São Tomé and Príncipe
40%
C Cape Verde
37%
D Djibouti
37%
T Trinidad and Tobago
37%
K Kosovo
35%
G Gambia
34%
K Kuwait
29%
I Israel
28%
C Cyprus
27%
B Bahamas
26%
L Lebanon
25%
E El Salvador
22%
M Montenegro
21%
B Belize
20%
S Swaziland
17%
S Slovenia
16%
No matching quizzes found
Score Distribution
Percent of People with Each Score
Percentile by Number Answered
Your Score History
You have not taken this quiz